Účtová osnova pre podnikateľov v slovensko-nemecko-anglickom jazyku

Slovenské termíny účtovej osnovy triedy 0 až 9 s nemeckými a anglickými ekvivalentmi.

Saved in:
Bibliographic Details
Format: Book Chapter
Language:Slovak
Subjects:
Tags: Add Tag
No Tags, Be the first to tag this record!

MARC

LEADER 00000naa a2200000 4500
001 r015274
005 20221213114833.5
041 0 |a slo 
044 |a SK 
245 1 0 |a Účtová osnova pre podnikateľov v slovensko-nemecko-anglickom jazyku 
520 |a Slovenské termíny účtovej osnovy triedy 0 až 9 s nemeckými a anglickými ekvivalentmi. 
610 2 0 |a osnova účtová 
610 2 0 |a slovníky 
610 2 0 |a slovenčina 
610 2 0 |a nemčina 
610 2 0 |a angličtina 
610 2 0 |a účtovníctvo 
610 2 0 |a pojmy